[Event "Speed Chess Super Swiss"]
[Site "chess.com INT"]
[Date "2020.10.03"]
[Round "5"]
[White "Grischuk, Alexander"]
[Black "Bortnyk, Olexandr"]
[Result "1-0"]
[WhiteElo "2777"]
[BlackElo "2598"]
[PlyCount "120"]
[EventDate "2020.10.03"]
[EventType "swiss (blitz)"]
[EventRounds "15"]
[EventCountry "USA"]
[SourceTitle "EXT 2021"]
[Source "ChessBase"]
[SourceDate "2020.10.23"]
[SourceVersion "1"]
[SourceVersionDate "2020.10.23"]
[SourceQuality "1"]

1. e4 Nf6 2. e5 Nd5 3. d4 d6 4. Nf3 dxe5 5. Nxe5 g6 6. Bc4 Bg7 7. Nxf7 Kxf7 8.
Qf3+ Ke6 9. Qe4+ Kf7 10. Bxd5+ e6 11. Bxb7 Bxb7 12. Qxb7 Nd7 13. c3 Re8 14. O-O
Rb8 15. Qxa7 e5 16. Nd2 Nb6 17. Nb3 Qd6 18. Qa5 exd4 19. cxd4 Nd5 20. Qd2 Re4
21. Qd3 Rbe8 22. Bd2 Qe7 23. g3 c6 24. Rae1 Bf6 25. Rxe4 Qxe4 26. Qxe4 Rxe4 27.
Re1 Rxe1+ 28. Bxe1 Nb6 29. Bc3 Ke6 30. Kf1 Kd5 31. Ke2 Na4 32. Kd3 Be7 33. Nd2
c5 34. dxc5 Nxc5+ 35. Ke2 Ne6 36. Nf1 Bc5 37. Ne3+ Kc6 38. Kd3 Ng5 39. h4 Ne6
40. b4 Be7 41. a4 g5 42. hxg5 Bxg5 43. Nc4 Be7 44. f4 Kd5 45. Ne3+ Kc6 46. Ke4
Nc7 47. Nf5 Bf8 48. Nd4+ Kd7 49. b5 h5 50. a5 Bc5 51. b6 Na6 52. Kd5 Ba3 53.
Nb3 Bd6 54. Be5 Bb4 55. f5 Be1 56. Nc5+ Nxc5 57. Kxc5 Bxa5 58. b7 Bc7 59. Bxc7
Kxc7 60. f6 Kxb7 1-0

[Event "Speed Chess Super Swiss"]
[Site "chess.com INT"]
[Date "2020.10.03"]
[Round "6"]
[White "Andreikin, Dmitry"]
[Black "Grischuk, Alexander"]
[Result "0-1"]
[WhiteElo "2726"]
[BlackElo "2777"]
[PlyCount "48"]
[EventDate "2020.10.03"]
[EventType "swiss (blitz)"]
[EventRounds "15"]
[EventCountry "USA"]
[SourceTitle "EXT 2021"]
[Source "ChessBase"]
[SourceDate "2020.10.23"]
[SourceVersion "1"]
[SourceVersionDate "2020.10.23"]
[SourceQuality "1"]

1. e4 c5 2. Nc3 d6 3. Nge2 Nf6 4. h3 a6 5. g4 Nc6 6. Bg2 e5 7. d3 Be7 8. Ng3
Be6 9. Nf5 Bf8 10. g5 Nd7 11. h4 g6 12. Ne3 Bg7 13. Ncd5 h5 14. gxh6 Bxh6 15.
h5 Bxe3 16. Bxe3 Bxd5 17. exd5 Nd4 18. hxg6 Rxh1+ 19. Bxh1 fxg6 20. Qg4 Qf6 21.
O-O-O O-O-O 22. Bg5 Qxf2 23. Rd2 Qe1+ 24. Rd1 Ne2+ 0-1

[Event "Speed Chess Super Swiss"]
[Site "chess.com INT"]
[Date "2020.10.03"]
[Round "7"]
[White "Grischuk, Alexander"]
[Black "Van Foreest, Jorden"]
[Result "1/2-1/2"]
[WhiteElo "2777"]
[BlackElo "2673"]
[PlyCount "76"]
[EventDate "2020.10.03"]
[EventType "swiss (blitz)"]
[EventRounds "15"]
[EventCountry "USA"]
[SourceTitle "EXT 2021"]
[Source "ChessBase"]
[SourceDate "2020.10.23"]
[SourceVersion "1"]
[SourceVersionDate "2020.10.23"]
[SourceQuality "1"]

1. e4 c5 2. Nf3 e6 3. Bd3 Nc6 4. O-O Nf6 5. Re1 d5 6. exd5 Nxd5 7. Nc3 Be7 8.
Bb5 O-O 9. Bxc6 bxc6 10. d3 f6 11. Ne4 e5 12. b3 Bg4 13. h3 Bh5 14. Ng3 Bg6 15.
Bb2 Re8 16. Nd2 Bf8 17. Nde4 Nf4 18. Qd2 Qd5 19. f3 Rad8 20. Qf2 Ne6 21. Rad1
Qd7 22. Ba3 Qd4 23. Ne2 Qxf2+ 24. Kxf2 c4 25. Bxf8 cxd3 26. Rxd3 Rxd3 27. cxd3
Kxf8 28. Rc1 Rc8 29. Ke3 Ke7 30. d4 f5 31. Nc5 Nxd4 32. Nxd4 f4+ 33. Kd2 exd4
34. Rc4 Kd6 35. Nb7+ Kc7 36. Nc5 Kd6 37. Nb7+ Kc7 38. Nc5 Kd6 1/2-1/2

[Event "Speed Chess Super Swiss"]
[Site "chess.com INT"]
[Date "2020.10.03"]
[Round "8"]
[White "Praggnanandhaa, Rameshbabu"]
[Black "Grischuk, Alexander"]
[Result "0-1"]
[WhiteElo "2608"]
[BlackElo "2777"]
[PlyCount "84"]
[EventDate "2020.10.03"]
[EventType "swiss (blitz)"]
[EventRounds "15"]
[EventCountry "USA"]
[SourceTitle "EXT 2021"]
[Source "ChessBase"]
[SourceDate "2020.10.23"]
[SourceVersion "1"]
[SourceVersionDate "2020.10.23"]
[SourceQuality "1"]

1. e4 c5 2. Nf3 d6 3. d4 cxd4 4. Nxd4 Nf6 5. Nc3 a6 6. Be2 e5 7. Nb3 Be7 8. O-O
O-O 9. Be3 Be6 10. Qd3 Nbd7 11. a4 Rc8 12. a5 Qc7 13. Rfd1 Rfe8 14. Bf3 h6 15.
h3 Nf8 16. Nd2 Ng6 17. Bb6 Qc6 18. Nf1 Nh4 19. Be2 Ng6 20. Be3 Red8 21. Ng3 d5
22. exd5 Nxd5 23. Bf3 Nxc3 24. Bxc6 Nxd1 25. Qe2 Nxe3 26. Bxb7 Rb8 27. Bxa6
Nxg2 28. Bd3 N2f4 29. Qf3 Nxd3 30. cxd3 Rxb2 31. a6 Bd5 32. Ne4 Nf4 33. a7 Ba8
34. Qe3 Rxd3 35. Qe1 Nxh3+ 36. Kf1 Rd8 37. Rc1 Bb4 38. Rb1 Bxe1 39. Rxb2 Bxe4
40. Rb8 Rf8 41. Kxe1 Ba8 42. Ke2 Nf4+ 0-1

[Event "Speed Chess Super Swiss"]
[Site "chess.com INT"]
[Date "2020.10.03"]
[Round "9"]
[White "Grischuk, Alexander"]
[Black "Jobava, Baadur"]
[Result "1-0"]
[WhiteElo "2777"]
[BlackElo "2603"]
[PlyCount "61"]
[EventDate "2020.10.03"]
[EventType "swiss (blitz)"]
[EventRounds "15"]
[EventCountry "USA"]
[SourceTitle "EXT 2021"]
[Source "ChessBase"]
[SourceDate "2020.10.23"]
[SourceVersion "1"]
[SourceVersionDate "2020.10.23"]
[SourceQuality "1"]

1. e4 c5 2. Nf3 e6 3. Bd3 Nc6 4. O-O d5 5. exd5 exd5 6. Bb5 Nf6 7. d4 cxd4 8.
Nxd4 Bd7 9. h3 Be7 10. Be3 O-O 11. Nc3 Re8 12. Ba4 Ne5 13. Bb3 Nc4 14. Bxc4
dxc4 15. Qf3 Qc8 16. Rad1 a6 17. a3 b5 18. Rfe1 h6 19. Bf4 Bc5 20. Be5 Be7 21.
Re3 Bd8 22. Nd5 Nxd5 23. Qxd5 Bc7 24. Rde1 Bxe5 25. Rxe5 Rxe5 26. Rxe5 Rb8 27.
Re7 Be8 28. Nf5 Qd8 29. Qe5 f6 30. Rxg7+ Kf8 31. Qc5+ 1-0

[Event "Speed Chess Super Swiss"]
[Site "chess.com INT"]
[Date "2020.10.03"]
[Round "11"]
[White "Grischuk, Alexander"]
[Black "Terry, Renato"]
[Result "1-0"]
[WhiteElo "2777"]
[BlackElo "2504"]
[PlyCount "109"]
[EventDate "2020.10.03"]
[EventType "swiss (blitz)"]
[EventRounds "15"]
[EventCountry "USA"]
[SourceTitle "EXT 2021"]
[Source "ChessBase"]
[SourceDate "2020.10.23"]
[SourceVersion "1"]
[SourceVersionDate "2020.10.23"]
[SourceQuality "1"]

1. e4 e6 2. Nc3 d5 3. Nf3 Nf6 4. e5 Nfd7 5. Ne2 c5 6. c3 d4 7. cxd4 cxd4 8.
Nexd4 Nxe5 9. Bb5+ Ned7 10. O-O Be7 11. Ne2 O-O 12. d4 Nf6 13. Bg5 b6 14. Nc3
Bb7 15. Ne5 a6 16. Be2 Nc6 17. Bf3 Rc8 18. Rc1 Rc7 19. Bf4 Nxe5 20. dxe5 Nd7
21. Bxb7 Rxb7 22. Qf3 Rc7 23. Rfd1 Qc8 24. Qg3 Rd8 25. h4 Nf8 26. h5 Rxd1+ 27.
Rxd1 Rd7 28. Rxd7 Qxd7 29. Bh6 g6 30. Qf4 b5 31. Kh2 gxh5 32. Ne4 Qd8 33. Nd6
Bxd6 34. exd6 Ng6 35. Qd4 e5 36. Qd5 Nf4 37. Qxe5 Ne6 38. Kg1 Qd7 39. Bd2 f6
40. Qd5 Kf7 41. Qxh5+ Kg7 42. Bh6+ Kg8 43. Qd5 Kf7 44. Bd2 Kg6 45. f4 Kg7 46.
Be3 Nf8 47. f5 Qf7 48. Qxf7+ Kxf7 49. Kf2 Nd7 50. Kf3 Ke8 51. Ke4 Ne5 52. Bd4
Nd7 53. Kd5 Kf7 54. Kc6 Ke8 55. b4 1-0

[Event "Speed Chess Super Swiss"]
[Site "chess.com INT"]
[Date "2020.10.03"]
[Round "12"]
[White "Vachier Lagrave, Maxime"]
[Black "Grischuk, Alexander"]
[Result "1/2-1/2"]
[WhiteElo "2784"]
[BlackElo "2777"]
[PlyCount "65"]
[EventDate "2020.10.03"]
[EventType "swiss (blitz)"]
[EventRounds "15"]
[EventCountry "USA"]
[SourceTitle "EXT 2021"]
[Source "ChessBase"]
[SourceDate "2020.10.23"]
[SourceVersion "1"]
[SourceVersionDate "2020.10.23"]
[SourceQuality "1"]

1. d4 Nf6 2. c4 g6 3. Nf3 Bg7 4. g3 O-O 5. Bg2 d6 6. O-O Nbd7 7. Nc3 e5 8. e4
exd4 9. Nxd4 Re8 10. Re1 Nc5 11. h3 Bd7 12. b3 a5 13. Bb2 h5 14. Qc2 h4 15.
gxh4 Nh5 16. Nd5 c6 17. Ne3 Qxh4 18. Nf3 Qxe4 19. Qxe4 Nxe4 20. Bxg7 Kxg7 21.
Rad1 Nf4 22. h4 Rad8 23. Ng5 Nxg5 24. hxg5 Bc8 25. Rd4 Ne6 26. Rg4 Nc5 27. Rd4
Ne6 28. Rg4 Rh8 29. Rd1 Nc5 30. Rgd4 Ne6 31. Rg4 Nc5 32. Rgd4 Ne6 33. Rg4
1/2-1/2

[Event "Speed Chess Super Swiss"]
[Site "chess.com INT"]
[Date "2020.10.03"]
[Round "13"]
[White "So, Wesley"]
[Black "Grischuk, Alexander"]
[Result "1-0"]
[WhiteElo "2770"]
[BlackElo "2777"]
[PlyCount "77"]
[EventDate "2020.10.03"]
[EventType "swiss (blitz)"]
[EventRounds "15"]
[EventCountry "USA"]
[SourceTitle "EXT 2021"]
[Source "ChessBase"]
[SourceDate "2020.10.23"]
[SourceVersion "1"]
[SourceVersionDate "2020.10.23"]
[SourceQuality "1"]

1. e4 c5 2. Nf3 d6 3. d4 cxd4 4. Nxd4 Nf6 5. f3 e6 6. c4 Nc6 7. Nc3 Be7 8. Be3
O-O 9. Qc2 a6 10. O-O-O Nxd4 11. Bxd4 Bd7 12. Kb1 Qb8 13. c5 Bc6 14. cxd6 Bxd6
15. g3 Be5 16. Bxe5 Qxe5 17. f4 Qc5 18. Bg2 e5 19. Nd5 Qxc2+ 20. Kxc2 Bxd5 21.
exd5 exf4 22. gxf4 Rac8+ 23. Kb3 Rfd8 24. d6 Kf8 25. Rd4 Rc5 26. a4 b6 27. Rhd1
g6 28. Bf1 b5 29. a5 h5 30. Bg2 Ng4 31. Bb7 Ne3 32. R1d3 Nc4 33. Kb4 Rf5 34.
Bxa6 Nxb2 35. Rc3 Nc4 36. d7 g5 37. Bxb5 Nxa5 38. Kxa5 gxf4 39. Rc8 1-0

[Event "Speed Chess Super Swiss"]
[Site "chess.com INT"]
[Date "2020.10.03"]
[Round "14"]
[White "Grischuk, Alexander"]
[Black "Maghsoodloo, Parham"]
[Result "1-0"]
[WhiteElo "2777"]
[BlackElo "2676"]
[PlyCount "119"]
[EventDate "2020.10.03"]
[EventType "swiss (blitz)"]
[EventRounds "15"]
[EventCountry "USA"]
[SourceTitle "EXT 2021"]
[Source "ChessBase"]
[SourceDate "2020.10.23"]
[SourceVersion "1"]
[SourceVersionDate "2020.10.23"]
[SourceQuality "1"]

1. e4 e5 2. Nf3 Nc6 3. Bb5 Nf6 4. d3 Bc5 5. Bxc6 dxc6 6. O-O Nd7 7. c3 O-O 8.
d4 Bd6 9. Bg5 f6 10. Bh4 Qe8 11. Re1 Nb6 12. Nbd2 a5 13. Bg3 a4 14. Qc2 c5 15.
dxe5 fxe5 16. Nf1 Rxf3 17. gxf3 Qh5 18. Qe2 Be6 19. Ne3 Rf8 20. Nf5 Bxf5 21.
exf5 Rxf5 22. Kg2 Nd5 23. Qd3 Nf4+ 24. Bxf4 Rxf4 25. Re4 a3 26. Rxf4 exf4 27.
bxa3 h6 28. Re1 Qg5+ 29. Kh1 b6 30. a4 Qh5 31. Qe4 Qh3 32. Qe6+ Qxe6 33. Rxe6
Kf7 34. Re4 c6 35. Kg2 g5 36. Kf1 h5 37. h3 Be7 38. Ke2 Ke8 39. Re6 Kd7 40. Rh6
c4 41. Rxh5 Ke6 42. Rh6+ Kd5 43. Rg6 Bd8 44. Kd2 Be7 45. Kc2 Bd8 46. Rg8 Be7
47. Ra8 Ke6 48. a5 bxa5 49. Rxa5 Bd8 50. Ra8 Bb6 51. Ra6 Bxf2 52. Rxc6+ Kd5 53.
Rg6 Bh4 54. a4 Kc5 55. a5 Kb5 56. a6 Bf2 57. Rxg5+ Kxa6 58. Rg4 Be3 59. h4 Kb5
60. h5 1-0

[Event "Speed Chess Super Swiss KO"]
[Site "chess.com INT"]
[Date "2020.10.04"]
[Round "1.1"]
[White "Grischuk, Alexander"]
[Black "Vachier Lagrave, Maxime"]
[Result "1/2-1/2"]
[WhiteElo "2777"]
[BlackElo "2778"]
[PlyCount "93"]
[EventDate "2020.10.04"]
[EventType "k.o. (blitz)"]
[EventRounds "4"]
[EventCountry "USA"]
[SourceTitle "EXT 2021"]
[Source "ChessBase"]
[SourceDate "2020.10.23"]
[SourceVersion "1"]
[SourceVersionDate "2020.10.23"]
[SourceQuality "1"]

1. Nf3 d5 2. d4 Nf6 3. Bf4 e6 4. Nbd2 Bd6 5. Bg5 Nbd7 6. e4 dxe4 7. Nxe4 h6 8.
Nxd6+ cxd6 9. Bf4 Qb6 10. Bd3 g5 11. Bg3 g4 12. Nd2 Qxd4 13. O-O Ne5 14. Be2
Bd7 15. c3 Qd5 16. c4 Qd4 17. Nb3 Qxd1 18. Rfxd1 Ne4 19. Bxe5 dxe5 20. Bxg4
O-O-O 21. Bf3 Ng5 22. Be2 Ba4 23. f3 Rxd1+ 24. Rxd1 Bxb3 25. axb3 Rd8 26. h4
Rxd1+ 27. Bxd1 Nh7 28. b4 b6 29. Kf2 Kc7 30. g4 f6 31. Ke3 Kd6 32. Bc2 Nf8 33.
Be4 Nd7 34. Kd3 Nb8 35. Kc3 Nd7 36. b5 Nf8 37. b4 Nd7 38. Kd3 Nf8 39. Ke3 Nd7
40. Kd3 Nf8 41. Ke3 Nd7 42. Ke2 Nf8 43. Kd3 Nd7 44. Ke3 Nf8 45. Kd3 Nd7 46. Ke3
Nf8 47. Kd3 1/2-1/2

[Event "Speed Chess Super Swiss KO"]
[Site "chess.com INT"]
[Date "2020.10.04"]
[Round "1.2"]
[White "Vachier Lagrave, Maxime"]
[Black "Grischuk, Alexander"]
[Result "1-0"]
[WhiteElo "2778"]
[BlackElo "2777"]
[PlyCount "99"]
[EventDate "2020.10.04"]
[EventType "k.o. (blitz)"]
[EventRounds "4"]
[EventCountry "USA"]
[SourceTitle "EXT 2021"]
[Source "ChessBase"]
[SourceDate "2020.10.23"]
[SourceVersion "1"]
[SourceVersionDate "2020.10.23"]
[SourceQuality "1"]

1. c4 g6 2. g3 c5 3. Bg2 Bg7 4. Nc3 Nc6 5. Nf3 e6 6. h4 h6 7. d4 cxd4 8. Nb5 d5
9. cxd5 exd5 10. Nbxd4 Nf6 11. O-O O-O 12. Bf4 Qb6 13. Rc1 Re8 14. Nxc6 bxc6
15. Be5 Bg4 16. Bd4 Qa6 17. e3 Rac8 18. a3 h5 19. Re1 Rc7 20. Qb3 Qc8 21. Ng5
Ne4 22. Bxe4 dxe4 23. Rxc6 Be6 24. Nxe6 Rxe6 25. Rxe6 Qxe6 26. Qxe6 fxe6 27.
Bxg7 Kxg7 28. Rd1 Kf6 29. Rd4 Kf5 30. Kg2 a5 31. Ra4 Rc5 32. b4 axb4 33. axb4
Rc4 34. Ra5+ Kf6 35. Rb5 Kf7 36. Rb8 Rc1 37. b5 Rb1 38. b6 Kg7 39. b7 Kh7 40.
g4 hxg4 41. Kg3 e5 42. Kxg4 Rg1+ 43. Kh3 Rb1 44. h5 gxh5 45. Kh4 Kg7 46. Kxh5
Rb2 47. Kg5 Kh7 48. Kf6 Rxf2+ 49. Kxe5 Rb2 50. Kxe4 1-0

[Event "Speed Chess Super Swiss KO"]
[Site "chess.com INT"]
[Date "2020.10.04"]
[Round "1.3"]
[White "Grischuk, Alexander"]
[Black "Vachier Lagrave, Maxime"]
[Result "1-0"]
[WhiteElo "2777"]
[BlackElo "2778"]
[PlyCount "93"]
[EventDate "2020.10.04"]
[EventType "k.o. (blitz)"]
[EventRounds "4"]
[EventCountry "USA"]
[SourceTitle "EXT 2021"]
[Source "ChessBase"]
[SourceDate "2020.10.23"]
[SourceVersion "1"]
[SourceVersionDate "2020.10.23"]
[SourceQuality "1"]

1. Nf3 Nf6 2. c4 c6 3. g3 d5 4. Bg2 g6 5. b3 Bg7 6. Bb2 O-O 7. O-O Bg4 8. d3
Bxf3 9. Bxf3 Nbd7 10. Qc2 e6 11. Nd2 Ne8 12. d4 Nd6 13. e3 Re8 14. Bg2 h5 15.
Nf3 Ne4 16. Ne1 Ndf6 17. Nd3 h4 18. f3 Nd6 19. g4 Nd7 20. Rad1 Qg5 21. Bc1 dxc4
22. bxc4 Qa5 23. f4 f5 24. c5 Nb5 25. Bd2 Qa3 26. g5 Kf7 27. Rb1 Rab8 28. Qc4
Nc7 29. Bb4 Qa4 30. Nb2 Qa6 31. Qxa6 Nxa6 32. Ba5 Rec8 33. Nc4 Bf8 34. Rb3 b6
35. cxb6 axb6 36. Bxb6 Nxb6 37. Nxb6 Rc7 38. Rfb1 Kg7 39. Nc4 Rxb3 40. Rxb3 c5
41. d5 exd5 42. Bxd5 Nb4 43. Bf3 Rd7 44. a3 Nd3 45. Kf1 h3 46. Rc3 Kh7 47. Ke2
1-0

[Event "Speed Chess Super Swiss KO"]
[Site "chess.com INT"]
[Date "2020.10.04"]
[Round "1.4"]
[White "Vachier Lagrave, Maxime"]
[Black "Grischuk, Alexander"]
[Result "0-1"]
[WhiteElo "2778"]
[BlackElo "2777"]
[PlyCount "80"]
[EventDate "2020.10.04"]
[EventType "k.o. (blitz)"]
[EventRounds "4"]
[EventCountry "USA"]
[SourceTitle "EXT 2021"]
[Source "ChessBase"]
[SourceDate "2020.10.23"]
[SourceVersion "1"]
[SourceVersionDate "2020.10.23"]
[SourceQuality "1"]

1. Nf3 Nf6 2. c4 g6 3. Nc3 Bg7 4. e4 d6 5. d4 O-O 6. Be2 e5 7. O-O Nc6 8. d5
Ne7 9. Nd2 a5 10. Rb1 Nd7 11. a3 f5 12. b4 Kh8 13. Nb3 axb4 14. axb4 Nf6 15. f3
f4 16. c5 h5 17. Bd2 g5 18. Be1 Ng6 19. b5 b6 20. c6 g4 21. Ra1 Rxa1 22. Qxa1
Bh6 23. Nd1 g3 24. hxg3 fxg3 25. Bxg3 h4 26. Bh2 Nh5 27. Rf2 Rg8 28. Kf1 Qg5
29. Ke1 Ngf4 30. Bf1 Ng3 31. Bxg3 Qxg3 32. Qa7 h3 33. gxh3 Bxh3 34. Qxc7 Bxf1
35. Qxd6 Qh4 36. c7 Bh3 37. Nc1 Rg1+ 38. Kd2 Nxd5+ 39. Kc2 Ne3+ 40. Nxe3 Qxf2+
0-1

[Event "Speed Chess Super Swiss KO"]
[Site "chess.com INT"]
[Date "2020.10.04"]
[Round "1.5"]
[White "Grischuk, Alexander"]
[Black "Vachier Lagrave, Maxime"]
[Result "1-0"]
[WhiteElo "2777"]
[BlackElo "2778"]
[PlyCount "95"]
[EventDate "2020.10.04"]
[EventType "k.o. (blitz)"]
[EventRounds "4"]
[EventCountry "USA"]
[SourceTitle "EXT 2021"]
[Source "ChessBase"]
[SourceDate "2020.10.23"]
[SourceVersion "1"]
[SourceVersionDate "2020.10.23"]
[SourceQuality "1"]

1. Nf3 Nf6 2. c4 c6 3. g3 d5 4. Bg2 g6 5. b3 Bg7 6. Bb2 O-O 7. O-O Bg4 8. d3
Bxf3 9. Bxf3 Nbd7 10. Qc2 e6 11. Nd2 Ne8 12. d4 Nd6 13. e3 Re8 14. Bg2 a5 15.
a4 h5 16. Nf3 Nf5 17. Rad1 Qe7 18. Qc1 Rec8 19. Ne1 b5 20. axb5 cxb5 21. c5 Nb8
22. Nd3 Nc6 23. Qd2 Ra7 24. h3 Rca8 25. Nf4 Qd7 26. Ra1 a4 27. bxa4 Rxa4 28.
Rxa4 Rxa4 29. Ra1 Qa7 30. Qc1 Rxa1 31. Qxa1 Qxa1+ 32. Bxa1 b4 33. Nd3 Bh6 34.
Bf3 b3 35. Bd1 Na5 36. Bc3 Nc4 37. Bxb3 Ncxe3 38. fxe3 Bxe3+ 39. Kg2 Bxd4 40.
Bxd4 Nxd4 41. Ba4 Kf8 42. Ne5 Ke7 43. Nc6+ Nxc6 44. Bxc6 g5 45. h4 gxh4 46.
gxh4 f5 47. Kf3 Kd8 48. Kf4 1-0

[Event "Speed Chess Super Swiss KO"]
[Site "chess.com INT"]
[Date "2020.10.04"]
[Round "1.6"]
[White "Vachier Lagrave, Maxime"]
[Black "Grischuk, Alexander"]
[Result "1/2-1/2"]
[WhiteElo "2778"]
[BlackElo "2777"]
[PlyCount "136"]
[EventDate "2020.10.04"]
[EventType "k.o. (blitz)"]
[EventRounds "4"]
[EventCountry "USA"]
[SourceTitle "EXT 2021"]
[Source "ChessBase"]
[SourceDate "2020.10.23"]
[SourceVersion "1"]
[SourceVersionDate "2020.10.23"]
[SourceQuality "1"]

1. d4 Nf6 2. Nf3 g6 3. Bf4 Bg7 4. e3 O-O 5. Be2 c5 6. c3 d6 7. h3 Qb6 8. Qc1
Be6 9. Nbd2 Nc6 10. O-O Rac8 11. a3 cxd4 12. exd4 Nd5 13. Bg5 h6 14. Nc4 Qa6
15. Bxh6 Na5 16. Bxg7 Kxg7 17. Nxa5 Qxe2 18. c4 Nf6 19. Re1 Qd3 20. Qd2 Qxd2
21. Nxd2 b6 22. Nab3 Bxc4 23. Rxe7 a5 24. Nxc4 Rxc4 25. Rd1 Rfc8 26. Ree1 Rc2
27. Rb1 a4 28. Nc1 Rd2 29. Na2 Rcc2 30. Nb4 Rxb2 31. Rxb2 Rxb2 32. Re3 Rb3 33.
Kf1 Rxe3 34. fxe3 Ne4 35. Ke2 Nc3+ 36. Kd3 Nb5 37. Nc2 d5 38. e4 dxe4+ 39. Kxe4
Kf6 40. Kd5 Nc3+ 41. Kc4 Ne4 42. Kb5 Ke6 43. Kxa4 Nd6 44. Ne3 f5 45. Kb3 f4 46.
Nc4 Nf5 47. Nxb6 Ne3 48. Kc3 Nxg2 49. Kd3 f3 50. a4 Nf4+ 51. Ke3 Nxh3 52. Kxf3
Kd6 53. a5 Ng5+ 54. Ke3 Ne6 55. a6 Nc7 56. a7 Kc6 57. a8=Q+ Nxa8 58. Nxa8 Kb7
59. Kf4 Kxa8 60. Ke5 Kb7 61. Ke6 g5 62. d5 g4 63. d6 g3 64. d7 g2 65. d8=Q g1=Q
66. Qd5+ Ka7 67. Qd6 Qb6 68. Qxb6+ Kxb6 1/2-1/2

[Event "Speed Chess Super Swiss KO"]
[Site "chess.com INT"]
[Date "2020.10.04"]
[Round "1.7"]
[White "Grischuk, Alexander"]
[Black "Vachier Lagrave, Maxime"]
[Result "1-0"]
[WhiteElo "2777"]
[BlackElo "2778"]
[PlyCount "115"]
[EventDate "2020.10.04"]
[EventType "k.o. (blitz)"]
[EventRounds "4"]
[EventCountry "USA"]
[SourceTitle "EXT 2021"]
[Source "ChessBase"]
[SourceDate "2020.10.23"]
[SourceVersion "1"]
[SourceVersionDate "2020.10.23"]
[SourceQuality "1"]

1. Nf3 Nf6 2. c4 c5 3. Nc3 g6 4. e4 Bg7 5. d4 cxd4 6. Nxd4 Nc6 7. Be3 d6 8. Be2
Bd7 9. O-O O-O 10. h3 a5 11. Ndb5 Ne5 12. f4 Nc6 13. Bf3 a4 14. Nxa4 Na5 15. b3
Bc6 16. Nac3 Qd7 17. Rc1 Rfc8 18. Re1 Ne8 19. Bf2 Nc7 20. a4 Na6 21. Nd5 Bxd5
22. exd5 h5 23. g4 hxg4 24. Bxg4 f5 25. Bf3 Kf7 26. Re6 Rh8 27. Bg2 Bf6 28. Qd3
Nb4 29. Qf3 Rag8 30. Be1 Nac6 31. Rxf6+ exf6 32. dxc6 Nxc6 33. Qd5+ Kg7 34.
Qxd6 Qf7 35. Qc7 Re8 36. Qxf7+ Kxf7 37. Bf2 Rd8 38. Bd5+ Kg7 39. Kg2 Rd7 40.
Nd4 Nb4 41. Ne6+ Kh6 42. Nc5 Re7 43. Bxb7 Rd8 44. Bf3 Rd2 45. Rd1 Rb2 46. Nd3
Rxb3 47. Nxb4 Rxb4 48. c5 Rxa4 49. c6 Rxf4 50. Rc1 Rc7 51. Bg3 g5 52. Bxf4 gxf4
53. h4 Kg6 54. Kf2 Kh6 55. Ke2 Kg6 56. Kd3 Kh6 57. Kd4 Kg6 58. Kc5 1-0

[Event "Speed Chess Super Swiss KO"]
[Site "chess.com INT"]
[Date "2020.10.04"]
[Round "2.1"]
[White "Artemiev, Vladislav"]
[Black "Grischuk, Alexander"]
[Result "1-0"]
[WhiteElo "2716"]
[BlackElo "2777"]
[PlyCount "97"]
[EventDate "2020.10.04"]
[EventType "k.o. (blitz)"]
[EventRounds "4"]
[EventCountry "USA"]
[SourceTitle "EXT 2021"]
[Source "ChessBase"]
[SourceDate "2020.10.23"]
[SourceVersion "1"]
[SourceVersionDate "2020.10.23"]
[SourceQuality "1"]

1. c4 e6 2. Nc3 d5 3. d4 Nf6 4. cxd5 exd5 5. Bg5 c6 6. Qc2 h6 7. Bh4 g6 8. e3
Bf5 9. Bd3 Bxd3 10. Qxd3 Bg7 11. Nge2 O-O 12. O-O Nbd7 13. b4 a6 14. a4 Re8 15.
b5 Nb6 16. bxc6 bxc6 17. Rab1 Nc4 18. Rb7 Rb8 19. Rxb8 Qxb8 20. Rb1 Qc8 21. h3
Re7 22. Bxf6 Bxf6 23. e4 Rb7 24. exd5 Rxb1+ 25. Qxb1 Kg7 26. Qb4 cxd5 27. Nxd5
a5 28. Qc3 Nd6 29. Qxc8 Nxc8 30. Kf1 Nd6 31. Ke1 Nf5 32. Nxf6 Kxf6 33. Kd2 Ke6
34. Kd3 Kd5 35. Nc3+ Kc6 36. Ke4 f6 37. Kd3 Nd6 38. Ne4 Nc8 39. Nxf6 Nb6 40.
Ng4 Nxa4 41. Ne5+ Kd6 42. Nc4+ Kd5 43. f4 h5 44. g4 h4 45. f5 gxf5 46. gxf5 Kc6
47. Nxa5+ Kd7 48. Nc4 Ke7 49. Kc2 1-0

[Event "Speed Chess Super Swiss KO"]
[Site "chess.com INT"]
[Date "2020.10.04"]
[Round "2.2"]
[White "Grischuk, Alexander"]
[Black "Artemiev, Vladislav"]
[Result "0-1"]
[WhiteElo "2777"]
[BlackElo "2716"]
[PlyCount "64"]
[EventDate "2020.10.04"]
[EventType "k.o. (blitz)"]
[EventRounds "4"]
[EventCountry "USA"]
[SourceTitle "EXT 2021"]
[Source "ChessBase"]
[SourceDate "2020.10.23"]
[SourceVersion "1"]
[SourceVersionDate "2020.10.23"]
[SourceQuality "1"]

1. d4 d5 2. c4 c6 3. Nf3 Nf6 4. Nc3 e6 5. Bg5 Be7 6. e3 O-O 7. Bd3 Nbd7 8. O-O
h6 9. Bf4 Nh5 10. Qe2 b6 11. Rac1 Bb7 12. cxd5 cxd5 13. Ba6 Bxa6 14. Qxa6 Qc8
15. Qa4 Nxf4 16. exf4 Qb7 17. Qc2 g6 18. Rfe1 Kg7 19. Qe2 Rac8 20. g3 Bb4 21.
Qd3 Bxc3 22. Rxc3 Rxc3 23. Qxc3 Rc8 24. Qd2 Qc6 25. Qb4 Rc7 26. Re3 Qc1+ 27.
Kg2 Nf6 28. Ne5 Ne4 29. Re2 Qd1 30. Re1 Qc2 31. Rf1 Qe2 32. h3 Rc1 0-1

[Event "Speed Chess Super Swiss KO"]
[Site "chess.com INT"]
[Date "2020.10.04"]
[Round "2.3"]
[White "Artemiev, Vladislav"]
[Black "Grischuk, Alexander"]
[Result "1/2-1/2"]
[WhiteElo "2716"]
[BlackElo "2777"]
[PlyCount "84"]
[EventDate "2020.10.04"]
[EventType "k.o. (blitz)"]
[EventRounds "4"]
[EventCountry "USA"]
[SourceTitle "EXT 2021"]
[Source "ChessBase"]
[SourceDate "2020.10.23"]
[SourceVersion "1"]
[SourceVersionDate "2020.10.23"]
[SourceQuality "1"]

1. d4 Nf6 2. Nc3 d5 3. Bf4 g6 4. e3 Bg7 5. Nb5 Na6 6. Nf3 Bg4 7. Be2 c6 8. Nc3
Qb6 9. Rb1 Nd7 10. O-O O-O 11. e4 e6 12. Be3 Rfd8 13. h3 Bxf3 14. Bxf3 Nc7 15.
Qd2 Nb5 16. Nxb5 Qxb5 17. c3 dxe4 18. Bxe4 Nb6 19. Qc2 Nc4 20. Qb3 Qxb3 21.
axb3 Nxe3 22. fxe3 a5 23. Ra1 e5 24. Ra4 f5 25. Bf3 h5 26. Rfa1 Bh6 27. Kf2 e4
28. Be2 f4 29. exf4 Bxf4 30. Rxa5 Rxa5 31. Rxa5 Bc1 32. Re5 Bxb2 33. Rxe4 Bxc3
34. Ke3 Kf8 35. Bc4 Re8 36. Rxe8+ Kxe8 37. Ke4 Ke7 38. d5 cxd5+ 39. Bxd5 b6 40.
Bc4 Kf6 41. Bd3 Bb4 42. Bc2 Bc5 1/2-1/2